O alternatívnych formách financovania bývania v SR

Pokračovanie príspevku z predchádzajúceho čísla. Praktické príklady foriem financovanie bývania.

Salvato in:
Dettagli Bibliografici
Autore principale: Žuffová, Aneta
Altri autori: Pilch, Ctibor, 1957-
Natura: Capitolo di libro
Lingua:slovacco
Soggetti:
Tags: Aggiungi Tag
Nessun Tag, puoi essere il primo ad aggiungerne!!

MARC

LEADER 00000nla a2200000 4500
001 0194584
005 20240502073246.8
041 0 |a slo 
044 |a SK 
245 1 0 |a O alternatívnych formách financovania bývania v SR  |c Aneta Žuffová, Ctibor Pilch 
520 |a Pokračovanie príspevku z predchádzajúceho čísla. Praktické príklady foriem financovanie bývania. 
610 2 0 |a bývanie 
610 2 0 |a politika bytová 
610 2 0 |a úver hypotekárny 
610 2 0 |a financovanie 
610 2 0 |a banky hypotekárne 
100 1 |a Žuffová, Aneta 
700 1 |a Pilch, Ctibor, 1957-